Business Accounting -1: (Record no. 34933)

MARC details
000 -LEADER
fixed length control field 00472nam a22001817a 4500
005 - DATE AND TIME OF LATEST TRANSACTION
control field 20231215121147.0
008 - FIXED-LENGTH DATA ELEMENTS--GENERAL INFORMATION
fixed length control field 231215b |||||||| |||| 00| 0 eng d
020 ## - INTERNATIONAL STANDARD BOOK NUMBER
ISBN 0-273-65552-3
082 ## - DEWEY DECIMAL CLASSIFICATION NUMBER
Classification number 657
Item number WOO-B
100 ## - MAIN ENTRY--AUTHOR
Author Name Wood; Frank
245 ## - TITLE STATEMENT
Title Business Accounting -1:
Statement of responsibility, etc. Wood, Frank; Sangster, Alan
260 ## - PUBLICATION, DISTRIBUTION, ETC.
Place of Publication London
Name of publisher, distributor, etc. Prentice Hall,
Date of publication, distribution, etc. 2002
300 ## - PHYSICAL DESCRIPTION
Pages 683
500 ## - GENERAL NOTE
General note Index Given.
650 ## - SUBJECT ADDED ENTRY--TOPICAL TERM
Subject / Department Business Accounting
700 ## - ADDED ENTRY--PERSONAL NAME
Personal name Sangster, Alanb

No items available.

Powered by Koha